000 00538nam a22001937a 4500
003 MPLRDC
005 20220105061100.0
008 210129b ||||| |||| 00| 0 eng d
020 _a978-986-408-183-7
082 _a427.56 BYZ
100 _a洪裕子 YUKO HAMA
245 _a经典和食器入门
_c谢尔镁 译
250 _a初版一刷
260 _a台湾
_b麦浩斯出版, 城邦文化事业股份有限公司
_c2016
300 _b
520 _a上架 2017-02-01
650 _a餐桌,餐具
942 _cBK
_o427.56 BYZ
999 _c68522
_d68512